Loading...
Humanist Essays
| Main Author: | |
|---|---|
| Format: | Printed Book |
| Language: | English |
| Published: |
London :
Unwin books ,
c1964.
|
| LEADER | 00408nam a22001217a 4500 | ||
|---|---|---|---|
| 008 | 170303b xxu||||| |||| 00| 0 eng d | ||
| 100 | |a Murray , Gilbert | ||
| 245 | |a Humanist Essays | ||
| 260 | |a London : |b Unwin books , |c c1964. | ||
| 300 | |b 204p. | ||
| 942 | |c BK | ||
| 999 | |c 196232 |d 196232 | ||
| 952 | |0 0 |1 0 |4 0 |6 824_000000000000000_MUR_H |7 0 |9 216835 |a ENG |b ENG |c ST1 |d 2017-03-03 |i 626 |l 0 |o 824 MUR/H |p ENG626 |r 2017-03-03 |w 2018-08-21 |y BK | ||